Longest Solo Filibusters in the History of the US Senate - Statistics

General Stats
  • This quiz has been taken 150 times
  • The average score is 4 of 10
Answer Stats
Time Date Measure Senator State % Correct
24:18 August 28, 1957 Civil Rights Act of 1957 Strom Thurmond South Carolina
87%
21:18 September 24, 2013 Continuing Appropriations Act Ted Cruz Texas
74%
15:30 June 12, 1935 National Industrial Recovery Act Huey Long Louisiana
40%
14:50 June 15, 2016 Nominally H.R. 2578 Chris Murphy Connecticut
33%
18:23 May 29, 1908 Aldrich–Vreeland Act Robert M. La Follette, Sr. Wisconsin
29%
23:30 October 17, 1986 Defense Authorization Act Alfonse D'Amato New York
26%
15:14 October 5, 1992 Revenue Act Alfonse D'Amato New York
26%
15:28 April 4, 2017 Supreme Court confirmation of Neil Gorsuch Jeff Merkley Oregon
26%
16:12 September 28, 1981 Debt ceiling increase William Proxmire Wisconsin
14%
22:26 April 24, 1953 Submerged Lands Act Wayne Morse Oregon
9%
No matching quizzes found
Score Distribution
Percent of People with Each Score
Percentile by Number Answered
Your Score History
You have not taken this quiz